[Event "Misiones op"]
[Site "Misiones"]
[Date "2023.07.08"]
[Round "1"]
[White "Oses, Wilmer"]
[Black "Sartori, Mauro Fabricio"]
[Result "1-0"]
[WhiteElo "1867"]
[BlackElo "1346"]
[PlyCount "123"]
[EventDate "2023.07.08"]
[EventType "swiss"]
[EventRounds "6"]
[EventCountry "ARG"]
[SourceTitle "EXT 2024"]
[Source "ChessBase"]
[SourceDate "2023.10.10"]
[SourceVersion "1"]
[SourceVersionDate "2023.10.10"]
[SourceQuality "1"]

1. c4 g6 2. Nf3 Bg7 3. g3 Nf6 4. Bg2 0-0 5. 0-0 d6 6. d4 Nbd7 7. Nc3 c5 8. e4 cxd4 9. Nxd4 Ne5 10. b3 Bg4 11. f3 Bd7 12. Be3 Nc6 13. Qd2 Nxd4 14. Bxd4 a6 15. Rfd1 Rc8 16. Rac1 Bc6 17. Nd5 Bxd5 18. cxd5 Rxc1 19. Rxc1 Nd7 20. Bxg7 Kxg7 21. Qc3+ f6 22. Qc7 Nc5 23. Qxd8 Rxd8 24. b4 Nd3 25. Rc7 Nxb4 26. a3 Nd3 27. Rxe7+ Kg8 28. Bh3 Nc5 29. Kf2 b5 30. Be6+ Kh8 31. Ke3 Rf8 32. h4 a5 33. Ra7 b4 34. Rxa5 bxa3 35. Rxa3 Nxe6 36. dxe6 Re8 37. Kd4 Rxe6 38. Kd5 Re5+ 39. Kxd6 Kg7 40. Ra7+ Kh6 41. Rf7 Ra5 42. Rxf6 Kg7 43. Rf4 h6 44. e5 Ra6+ 45. Kd7 Ra7+ 46. Kc6 Ra6+ 47. Kb5 Re6 48. Re4 g5 49. hxg5 hxg5 50. f4 Kg6 51. Kc5 Kf5 52. Ra4 gxf4 53. gxf4 Re8 54. Kd6 Re6+ 55. Kd7 Rh6 56. Ra8 Rh7+ 57. Kd6 Rh6+ 58. Kd5 Kxf4 59. e6 Rh5+ 60. Kd6 Rh1 61. e7 Rd1+ 62. Ke6 1-0

[Event "Misiones op"]
[Site "Misiones"]
[Date "2022.07.09"]
[Round "2"]
[White "Oses, Wilmer"]
[Black "Owczarczyn, Cristian Lucas"]
[Result "1-0"]
[WhiteElo "1888"]
[BlackElo "1478"]
[PlyCount "75"]
[EventDate "2022.07.09"]
[EventType "swiss"]
[EventRounds "6"]
[EventCountry "ARG"]
[SourceTitle "CBM 209 Extra"]
[Source "ChessBase"]
[SourceDate "2022.09.30"]
[SourceVersion "1"]
[SourceVersionDate "2022.09.30"]
[SourceQuality "1"]

1. c4 e5 2. Nf3 d6 3. Nc3 Nf6 4. g3 g6 5. Bg2 Bg7 6. 0-0 0-0 7. d3 c6 8. Bg5 h6 9. Bd2 Be6 10. Qc1 Kh7 11. b4 Qd7 12. Rd1 Bh3 13. Bh1 Ne8 14. b5 f5 15. Rb1 f4 16. Ne4 fxg3 17. hxg3 Qg4 18. bxc6 bxc6 19. Rb7 Nd7 20. Qa3 Nef6 21. Qxd6 Nxe4 22. dxe4 Nf6 23. Qxe5 Nh5 24. Bc3 Rg8 25. Rdd7 Qxd7 26. Rxd7 Bxd7 27. Qe7 Rad8 28. Nh4 Rge8 29. Qa3 Be6 30. Bf3 Rd1+ 31. Kg2 Bxc4 32. Qxa7 Be6 33. Bxh5 Rd7 34. Bxg6+ Kh8 35. Bxg7+ Kxg7 36. Qc5 Bf7 37. Qxc6 Ree7 38. Nf5+ 1-0

[Event "Obera op"]
[Site "Obera"]
[Date "2022.02.27"]
[Round "4"]
[White "Oses, Wilmer"]
[Black "Jimenez, Maria Jose"]
[Result "1-0"]
[WhiteElo "1848"]
[BlackElo "1401"]
[PlyCount "59"]
[EventDate "2022.02.26"]
[EventType "swiss"]
[EventRounds "6"]
[EventCountry "ARG"]
[SourceTitle "EXT 2023"]
[Source "ChessBase"]
[SourceDate "2022.10.05"]
[SourceVersion "1"]
[SourceVersionDate "2022.10.05"]
[SourceQuality "1"]

1. c4 Nf6 2. Nf3 g6 3. g3 Bg7 4. Bg2 d6 5. 0-0 0-0 6. d4 Nbd7 7. Nc3 Re8 8. Qc2 c5 9. dxc5 dxc5 10. Rd1 Qc7 11. Bf4 e5 12. Bg5 h6 13. Bxf6 Nxf6 14. Nb5 Qe7 15. Nd6 Rd8 16. Nxc8 Raxc8 17. Nd2 Rd7 18. Bh3 Rcd8 19. Bxd7 Rxd7 20. Ne4 Nxe4 21. Qxe4 f5 22. Qc2 Rxd1+ 23. Rxd1 Kf8 24. Qa4 Qf6 25. Qxa7 Qc6 26. Qb8+ Kf7 27. Qd8 Bf8 28. Rd7+ Kg8 29. Qe8 Qf6 30. Rxb7 1-0